| 000 | 00675nam a2200229 a 4500 | ||
|---|---|---|---|
| 001 | BRCA_6275 | ||
| 005 | 20190320205408.0 | ||
| 008 | 020811s1954----nyu#######---#000-0#eng-# | ||
| 041 | _aeng | ||
| 044 | _anyu | ||
| 050 | 4 |
_aDC715 _b.A44 1954 |
|
| 100 | 1 |
_aAdelson, Dorothy _d1910- _915740 |
|
| 245 | 1 | 0 |
_aRoughing it on the rue de la Paix _cDorothy Adelson. |
| 260 |
_aNueva York _bT. Y. Crowell _c1954 |
||
| 300 |
_a247 p. _c21 cm. |
||
| 500 | _aCon dedicatoria de la autora al Sr. Franz Mayer. París 1954 | ||
| 500 | _aK132 | ||
| 651 | 4 |
_aParís _xVida social y costumbres _915741 |
|
| 651 | 4 |
_aFrancia _xDescripción y viajes _912896 |
|
| 902 | _aGFM | ||
| 942 |
_2lcc _cB |
||
| 999 |
_c5962 _d5962 |
||